000 00330 a2200157 4500
001 192575
020 _a978-0-521-75249-7
040 _cMagnum
100 _aHallworth, Grace
240 1 0 _aSleep tight
_lpor
245 1 0 _aSleep tight
300 _a24
362 0 _a2004
697 _aLITERATURA INFANTIL INGLESA
942 _cBK
999 _c192575
_d192575